| 000 | 00865cam a2200277 4500 | ||
|---|---|---|---|
| 999 |
_c1678 _d1678 |
||
| 001 | 4087034 | ||
| 003 | OSt | ||
| 005 | 20210629102727.0 | ||
| 008 | 730808s1974 nyua b 001 0 eng | ||
| 010 | _a 73013683 | ||
| 020 | _a0471227005 | ||
| 040 |
_aDLC _cDLC _dDLC |
||
| 050 | 0 | 0 |
_aQA279 _b.D87 1974 |
| 082 | 0 | 0 | _a519.5/35 |
| 100 | 1 | _aDunn, Olive Jean. | |
| 245 | 1 | 0 |
_aApplied statistics: analysis of variance and regression _c[by] Olive Jean Dunn and Virginia A. Clark. |
| 260 |
_aNew York, _bWiley _c[1974] |
||
| 300 |
_axii, 387 p. _billus. _c23 cm. |
||
| 490 | 0 | _aA Wiley publication in applied statistics | |
| 504 | _aIncludes bibliographies. | ||
| 650 | 0 | _aAnalysis of variance. | |
| 650 | 0 | _aRegression analysis. | |
| 700 | 1 |
_aClark, Virginia, _d1928- _ejoint author. |
|
| 906 |
_a7 _bcbc _corignew _d1 _eocip _f19 _gy-gencatlg |
||
| 942 |
_2lcc _cBK _nSO |
||